[Event "CRO-ch U13"]
[Site "Trogir"]
[Date "2023.06.25"]
[Round "7"]
[White "Brlekovic, Dominik"]
[Black "Frouth, Filip"]
[Result "1-0"]
[WhiteElo "1278"]
[BlackElo "1767"]
[PlyCount "45"]
[EventDate "2023.06.21"]
[EventType "swiss"]
[EventRounds "9"]
[EventCountry "CRO"]
[SourceTitle "EXT 2024"]
[Source "ChessBase"]
[SourceDate "2023.10.10"]
[SourceVersion "1"]
[SourceVersionDate "2023.10.10"]
[SourceQuality "1"]

1. e4 c5 2. c3 d5 3. exd5 Qxd5 4. d4 Nc6 5. Nf3 Bg4 6. Be2 cxd4 7. cxd4 0-0-0 8. Nc3 Qd7 9. d5 Bxf3 10. Bxf3 Ne5 11. Be3 b6 12. Rc1 Kb7 13. Be4 Nf6 14. Bf4 Nxe4 15. Bxe5 Qf5 16. Qd4 Rc8 17. 0-0 Nxc3 18. Rxc3 Rxc3 19. Qxc3 Qd7 20. Qf3 Kc8 21. Rc1+ Kd8 22. Qxf7 e6 23. Bc7+ 1-0